| 000 | 00468nam a2200169 4500 | ||
|---|---|---|---|
| 003 | SEACOMMC | ||
| 005 | 20250429152807.0 | ||
| 008 | 250101b |||||||| |||| 00| 0 eng d | ||
| 020 |
_a 978-81-2592-656-6 _cRs.195.00 |
||
| 040 | _aSEACOMMC | ||
| 082 |
_a657 _bS 131 |
||
| 100 | _a Sahaf, M. A. | ||
| 245 | 1 |
_aManagement Accounting : Principles and Practice _c M. A. Sahaf |
|
| 260 |
_a New Delhi _b Vikas Publishing House _c 2000 |
||
| 650 | _aAccounting | ||
| 942 | _cBOOK | ||
| 999 |
_c960 _d960 |
||